[Event "POTENTIALLY IMMORTAL GAMES 3"]
[Site "SchemingMind.com"]
[Date "2020.04.23"]
[Round "-"]
[White "Steven DuCharme"]
[Black "Carl Lenox"]
[Result "1-0"]
[WhiteCountry "USA"]
[BlackCountry "CAN"]
[WhiteElo "1569"]
[WhiteRD "54"]
[BlackElo "1254"]
[BlackRD "61"]
[GameID "454134"]

1. Nf3 c5 2. g3 g6 3. Bg2 Bg7 4. O-O a6 5. d4 b6 6. c3 c4 7. Ne5 Nf6 8. Bxa8 d5 9. Qa4+ b5 10. Qb4 O-O
11. a4 Qb6 12. axb5 Re8 13. bxa6 Qxb4 14. cxb4 Nxa6 15. Bd2 Nc7 16. Nc3 Nd7 17. b5 Nb6 18. Bc6 Rd8 19. Ra7 Ne6 20. Rxe7 Rf8
21. f4 Nxd4 22. Be3 Nxe2+ 23. Nxe2 Bg4 24. Nd4 Bh3 25. Ra1 Nc8 26. Re8 Nd6 27. Rxf8+
1-0

[Event "POTENTIALLY IMMORTAL GAMES 3"]
[Site "SchemingMind.com"]
[Date "2020.04.23"]
[Round "-"]
[White "Carl Lenox"]
[Black "Steven DuCharme"]
[Result "0-1"]
[WhiteCountry "CAN"]
[BlackCountry "USA"]
[WhiteElo "1254"]
[WhiteRD "61"]
[BlackElo "1569"]
[BlackRD "54"]
[GameID "454135"]

1. e4 c6 2. d4 d5 3. Nc3 dxe4 4. Nxe4 Nf6 5. Qd3 g6 6. b3 Bg7 7. f3 O-O 8. Bb2 Bf5 9. O-O-O Bh6+ 10. Kb1 Nbd7
11. h3 Nd5 12. g4 Be6 13. Ne2 Nf4 14. Nxf4 Bxf4 15. g5 Bf5 16. Qe2 a5 17. h4 b5 18. Bg2 b4 19. Nc5 Nxc5 20. dxc5 Qc7
21. Rhe1 Bg3 22. Rh1 a4 23. Qc4 axb3 24. Qxb3 Be6 25. Qxb4 Bxa2+ 26. Ka1 Be5 27. c3 Rfb8 28. Qc4 Bxc4+ 29. Kb1 Bxc3
0-1

[Event "POTENTIALLY IMMORTAL GAMES 3"]
[Site "SchemingMind.com"]
[Date "2020.04.27"]
[Round "-"]
[White "Steven DuCharme"]
[Black "Black Knight"]
[Result "1-0"]
[WhiteCountry "USA"]
[BlackCountry "USA"]
[WhiteElo "1569"]
[WhiteRD "54"]
[BlackElo "1349"]
[BlackRD "53"]
[GameID "454335"]

1. g3 e5 2. Bg2 d5 3. d3 Nf6 4. Nf3 Nc6 5. O-O e4 6. dxe4 dxe4 7. Qxd8+ Nxd8 8. Ng5 Bf5 9. Nc3 h6 10. Ngxe4 Bb4
11. Nxf6+ gxf6 12. Nd5 Bxc2 13. Nxc7+ Ke7 14. Nxa8 Ne6 15. Bxb7 Rb8 16. Bg2 f5 17. Bxh6 Be4 18. Bxe4 fxe4 19. Nc7 Nxc7 20. Bf4 Bd6
21. Bxd6+ Kxd6 22. Rfd1+ Nd5 23. b3 Rb4 24. Rac1 a5 25. Rc4 Ke5 26. Rc5 Rd4 27. Rxd5+ Kxd5 28. Rxd4+ Kxd4 29. h4 Ke5 30. e3 Kf5
31. a3 Kg6 32. b4 axb4 33. axb4 Kf6 34. b5 Ke6 35. h5
1-0

[Event "POTENTIALLY IMMORTAL GAMES 3"]
[Site "SchemingMind.com"]
[Date "2020.04.27"]
[Round "-"]
[White "Black Knight"]
[Black "Steven DuCharme"]
[Result "0-1"]
[WhiteCountry "USA"]
[BlackCountry "USA"]
[WhiteElo "1349"]
[WhiteRD "53"]
[BlackElo "1569"]
[BlackRD "54"]
[GameID "454336"]

1. e4 c5 2. Nf3 d6 3. Bc4 e6 4. d3 Nf6 5. O-O Be7 6. Nc3 O-O 7. Be3 Nbd7 8. a3 Ng4 9. Ng5 Nxe3 10. Qe2 Nxc4
11. dxc4 Bxg5 12. e5 Be7 13. Rad1 Nxe5 14. f4 Ng6 15. b4 cxb4 16. axb4 f5 17. Qf3 Rb8 18. g3 b6 19. c5 bxc5 20. bxc5 Bb7
21. Qe3 Rf6 22. cxd6 Bxd6 23. Nb5 Qb6 24. Qxb6 axb6 25. Rxd6 Ba6 26. Rb1 Nf8 27. Nc7 Bc4 28. Rb4 Bd5 29. Nxd5 exd5 30. Rxd5 g6
31. h4 Rc6 32. c4 Ne6 33. Kf2 h5 34. c5 Nxc5 35. Rc4 Ne4+ 36. Kf3 Rxc4
0-1

[Event "POTENTIALLY IMMORTAL GAMES 3"]
[Site "SchemingMind.com"]
[Date "2020.04.27"]
[Round "-"]
[White "Carl Lenox"]
[Black "Black Knight"]
[Result "1-0"]
[WhiteCountry "CAN"]
[BlackCountry "USA"]
[WhiteElo "1254"]
[WhiteRD "61"]
[BlackElo "1349"]
[BlackRD "53"]
[GameID "454337"]

1. e4 e5 2. Nf3 Nc6 3. Bb5 Nf6 4. d3 a6 5. Ba4 d6 6. O-O Be6 7. a3 b5 8. Bb3 Bxb3 9. cxb3 Be7 10. b4 Nd4
11. Nxd4 exd4 12. Re1 O-O 13. b3 d5 14. e5 Nd7 15. Bb2 Re8 16. Bxd4 Rc8 17. a4 c5 18. Bb2 cxb4 19. d4 Bg5 20. Nd2 bxa4
21. Nf3 f6 22. bxa4 a5 23. Nxg5 fxg5 24. Qg4 h6 25. Qf5 Rf8 26. Qe6+ Kh8 27. Qxd5 Nb6 28. Qxa5 Nc4 29. Qxb4 Nxb2 30. Qxb2 Rf4
31. a5 Qxd4 32. Qe2 Re4 33. Qf1 Rxe5 34. g3 Rce8 35. Rxe5 Rxe5 36. a6 Re7 37. Qb1 Qc4 38. a7 Rxa7 39. Rxa7 Qc5 40. Ra8+
1-0

[Event "POTENTIALLY IMMORTAL GAMES 3"]
[Site "SchemingMind.com"]
[Date "2020.04.27"]
[Round "-"]
[White "Black Knight"]
[Black "Carl Lenox"]
[Result "1-0"]
[WhiteCountry "USA"]
[BlackCountry "CAN"]
[WhiteElo "1349"]
[WhiteRD "53"]
[BlackElo "1254"]
[BlackRD "61"]
[GameID "454338"]

1. e4 c5 2. Nf3 g6 3. c3 d5 4. Bb5+ Nd7 5. exd5 a6 6. Bxd7+ Bxd7 7. O-O Nf6 8. d6 exd6 9. Re1+ Be6 10. d4 c4
11. d5 Qd7 12. dxe6 fxe6 13. Bg5 Bg7 14. Nd4 e5 15. Nf3 O-O 16. Bxf6 Bxf6 17. Nbd2 b5 18. b4 cxb3 19. axb3 e4 20. Nxe4 Bg7
21. b4 d5 22. Re3 Qc6 23. Nc5 Rf4 24. Ng5 Rc4 25. Ra3 Qf6 26. Nge6 Qf7 27. Nxg7 Kxg7 28. Ne6+ Kg8 29. Nd4 Rcc8 30. Ne6 h5
31. Nd4 Rf8 32. Rf3 Qe7 33. Rxf8+ Qxf8 34. Nc6 Qe8 35. Nd4 Qd8 36. h3 a5 37. Rxa5 Rxa5 38. bxa5 Qxa5 39. Qb3 Kg7 40. Qxd5 Qxc3
41. Qe5+ Kh7 42. Qe7+ Kh6 43. Nxb5 Qc1+ 44. Kh2 g5 45. Nd6 Qf4+ 46. Kg1 g4 47. Nf7+ Kg6 48. Qe6+ Qf6 49. Ne5+ Kg5 50. h4+
1-0

[Event "POTENTIALLY IMMORTAL GAMES 3"]
[Site "SchemingMind.com"]
[Date "2020.04.30"]
[Round "-"]
[White "Steven DuCharme"]
[Black "grabapawn"]
[Result "1-0"]
[WhiteCountry "USA"]
[BlackCountry "USA"]
[WhiteElo "1599"]
[WhiteRD "55"]
[BlackElo "1490"]
[BlackRD "61"]
[GameID "454484"]

1. c4 d6 2. g3 Nf6 3. Bg2 Nbd7 4. d4 e5 5. dxe5 dxe5 6. Nc3 Bc5 7. Bg5 c6 8. Nf3 h6 9. Bxf6 gxf6 10. e3 Qc7
11. O-O Nf8 12. h3 Ng6 13. Ne4 Be7 14. c5 f5 15. Nd6+ Kf8 16. b4 h5 17. Qb3 Be6 18. Qd3 Rd8 19. e4 f4 20. Rad1 b6
21. Rd2 b5 22. Rfd1 fxg3 23. fxg3 h4 24. g4 Nf4 25. Qf1 Rg8 26. Nf5 Rxd2 27. Rxd2 a5 28. Nxe7 Kxe7 29. Rd6 Rd8 30. Nxe5 Rxd6
31. cxd6+ Qxd6 32. Qxf4 Qd1+ 33. Kh2 f6 34. Nxc6+ Kf7 35. Qh6 Qd6+ 36. e5 fxe5 37. Be4 axb4 38. Bg6+ Kg8 39. Qh7+ Kf8 40. Qh6+ Kg8
41. Bh7+ Kf7 42. Bg6+ Kf6 43. g5#
1-0

[Event "POTENTIALLY IMMORTAL GAMES 3"]
[Site "SchemingMind.com"]
[Date "2020.04.30"]
[Round "-"]
[White "grabapawn"]
[Black "Steven DuCharme"]
[Result "1-0"]
[WhiteCountry "USA"]
[BlackCountry "USA"]
[WhiteElo "1516"]
[WhiteRD "57"]
[BlackElo "1569"]
[BlackRD "54"]
[GameID "454485"]

1. d4 Nf6 2. Bf4 c6 3. c3 d5 4. e3 a5 5. Bd3 b5 6. Nd2 e6 7. Ngf3 Bd6 8. Bg3 Qc7 9. Ng5 h6 10. Ngf3 Bb7
11. Ne5 Nbd7 12. O-O Nxe5 13. dxe5 Bxe5 14. f4 Bd6 15. e4 dxe4 16. Nxe4 Nxe4 17. Bxe4 O-O-O 18. Qg4 f5 19. Bxf5 exf5 20. Qxf5+ Kb8
21. a4 Bc8 22. Qc2 Qb6+ 23. Kh1 Ba6 24. Rfd1 b4 25. b3 g5 26. Rxd6 Rxd6 27. fxg5 Kc7 28. Qg6
1-0

[Event "POTENTIALLY IMMORTAL GAMES 3"]
[Site "SchemingMind.com"]
[Date "2020.04.30"]
[Round "-"]
[White "grabapawn"]
[Black "Carl Lenox"]
[Result "1-0"]
[WhiteCountry "USA"]
[BlackCountry "CAN"]
[WhiteElo "1516"]
[WhiteRD "57"]
[BlackElo "1254"]
[BlackRD "61"]
[GameID "454486"]

1. d4 g6 2. Bf4 Bg7 3. e3 a6 4. c3 d5 5. Bd3 b5 6. Nd2 Nd7 7. Ngf3 Bb7 8. Ng5 Ngf6 9. h4 O-O 10. h5 c5
11. hxg6 fxg6 12. Qf3 Re8 13. Qh3 Nf8 14. Be5 Nh5 15. Qf3 c4 16. Qf7+ Kh8 17. Rxh5 Bxe5 18. Rxh7+
1-0

[Event "POTENTIALLY IMMORTAL GAMES 3"]
[Site "SchemingMind.com"]
[Date "2020.05.01"]
[Round "-"]
[White "Carl Lenox"]
[Black "grabapawn"]
[Result "0-1"]
[WhiteCountry "CAN"]
[BlackCountry "USA"]
[WhiteElo "1254"]
[WhiteRD "61"]
[BlackElo "1516"]
[BlackRD "57"]
[GameID "454487"]

1. e4 d6 2. d4 Nf6 3. Nc3 Nbd7 4. Bb5 c6 5. Ba4 Qc7 6. Nf3 e5 7. d5 Be7 8. O-O b5 9. Bb3 Nf8 10. Ne2 Ng6
11. a3 Nxe4 12. Ba2 Nf6 13. b4 Bb7 14. c4 O-O 15. Be3 Ng4 16. Bd2 h5 17. Re1 Qb6 18. Kh1 Nxf2+
0-1

[Event "POTENTIALLY IMMORTAL GAMES 3"]
[Site "SchemingMind.com"]
[Date "2020.04.30"]
[Round "-"]
[White "grabapawn"]
[Black "Black Knight"]
[Result "1-0"]
[WhiteCountry "USA"]
[BlackCountry "USA"]
[WhiteElo "1516"]
[WhiteRD "57"]
[BlackElo "1349"]
[BlackRD "53"]
[GameID "454488"]

1. d4 d5 2. Bf4 Nc6 3. e3 e6 4. Nf3 Bd6 5. Bg3 Bxg3 6. hxg3 Nf6 7. c3 O-O 8. Bd3 Ne4 9. Nbd2 Bd7 10. Nxe4 dxe4
11. Bxe4 f5 12. Bd3 g6 13. Qe2 a6 14. O-O-O b5 15. Nh4 b4 16. Rh2 bxc3 17. bxc3 Rb8 18. Rd2 g5 19. Nf3 a5 20. Rb2 a4
21. a3 Na5 22. Rxb8 Qxb8 23. Nxg5 Nb3+ 24. Kd1 Qd8 25. Qh5 h6 26. Qg6+
1-0

[Event "POTENTIALLY IMMORTAL GAMES 3"]
[Site "SchemingMind.com"]
[Date "2020.05.01"]
[Round "-"]
[White "Black Knight"]
[Black "grabapawn"]
[Result "0-1"]
[WhiteCountry "USA"]
[BlackCountry "USA"]
[WhiteElo "1349"]
[WhiteRD "53"]
[BlackElo "1516"]
[BlackRD "57"]
[GameID "454489"]

1. e4 d6 2. d4 Nf6 3. Nc3 Nbd7 4. Nf3 e5 5. d5 Be7 6. Bb5 a6 7. Bxd7+ Bxd7 8. h3 h6 9. O-O g5 10. b4 g4
11. hxg4 Nxg4 12. Ne2 h5 13. Nh2 Bh4 14. g3 Bg5 15. Bxg5 Qxg5 16. f3 Ne3 17. f4 exf4 18. Nf3 Qg4 19. Qd4 O-O-O 20. Rf2 Nxc2
21. Qb2 Nxa1 22. Qxa1 fxg3 23. Rf1 Qxe4 24. Nxg3 Qg4 25. Kf2 h4 26. Nh1 Rhg8 27. Ke1 Rde8+ 28. Kd2 Qf4+ 29. Kd1 Ba4#
0-1

[Event "POTENTIALLY IMMORTAL GAMES 3"]
[Site "SchemingMind.com"]
[Date "2020.05.04"]
[Round "-"]
[White "Steven DuCharme"]
[Black "ray winteringham"]
[Result "1-0"]
[WhiteCountry "USA"]
[BlackCountry "ENG"]
[WhiteElo "1569"]
[WhiteRD "54"]
[BlackElo "1485"]
[BlackRD "47"]
[GameID "454557"]

1. Nf3 d5 2. e3 Nc6 3. c4 dxc4 4. Bxc4 e6 5. O-O Bd6 6. Nc3 Nf6 7. d4 Bb4 8. Bd2 O-O 9. a3 Bxc3 10. Bxc3 Ne7
11. Qc2 b6 12. e4 Bb7 13. Rfe1 h6 14. b4 Ng6 15. g3 Qe7 16. d5 Qd7 17. Rad1 exd5 18. Bxf6 gxf6 19. Bxd5 Bxd5 20. Rxd5 Qc8
21. Qc3 Qe6 22. Nh4 Nxh4 23. gxh4 Rac8 24. Rf5 Kg7 25. Qg3+ Kh7 26. Qf4 Kg7 27. Rh5 f5 28. Re3 Rg8 29. Rxf5 Kh8+ 30. Rg3 Qa2
31. Qxh6#
1-0

[Event "POTENTIALLY IMMORTAL GAMES 3"]
[Site "SchemingMind.com"]
[Date "2020.05.04"]
[Round "-"]
[White "ray winteringham"]
[Black "Steven DuCharme"]
[Result "0-1"]
[WhiteCountry "ENG"]
[BlackCountry "USA"]
[WhiteElo "1475"]
[WhiteRD "50"]
[BlackElo "1599"]
[BlackRD "55"]
[GameID "454558"]

1. e4 c6 2. d4 d5 3. e5 Bf5 4. Bd3 Bxd3 5. Qxd3 e6 6. Nf3 h6 7. Bf4 g5 8. Bg3 Nd7 9. O-O h5 10. h3 h4
11. Bh2 Nh6 12. Qe3 g4 13. Ng5 Nf5 14. Qf4 Bh6 15. hxg4 Bxg5 16. Qf3 Nxd4 17. Qd3 Qb6 18. b3 O-O-O 19. Rd1 c5 20. Kf1 Qb5
21. Kg1 Qxd3 22. Rxd3 Ne2+ 23. Kf1 Nf4 24. Rf3 Nxe5 25. Rxf4 Bxf4 26. Bxf4 Ng6 27. Bd2 h3 28. gxh3 Rxh3 29. Kg2 Rdh8 30. Nc3 Rh2+
31. Kf3 R8h3+ 32. Ke2 Ne5 33. Re1 Nxg4 34. Kd1 Nxf2+ 35. Kc1 Rh1 36. Kb2 Rxe1 37. Bxe1 Ne4 38. Nb5 a6 39. Na3 b6 40. Nb1 Rh1
41. Bd2 Rxb1+
0-1

[Event "POTENTIALLY IMMORTAL GAMES 3"]
[Site "SchemingMind.com"]
[Date "2020.05.03"]
[Round "-"]
[White "grabapawn"]
[Black "ray winteringham"]
[Result "0-1"]
[WhiteCountry "USA"]
[BlackCountry "ENG"]
[WhiteElo "1516"]
[WhiteRD "57"]
[BlackElo "1485"]
[BlackRD "47"]
[GameID "454559"]

1. d4 g6 2. Bf4 Bg7 3. e3 Nf6 4. Bd3 d5 5. Nd2 O-O 6. h3 Bd7 7. g4 Bc6 8. h4 Bd7 9. f3 Be6 10. h5 Nc6
11. hxg6 fxg6 12. Qe2 a6 13. O-O-O Nd7 14. Qh2 Kf7 15. Bh6 Rh8 16. Bxg7 Kxg7 17. Qh6+ Kf7 18. Nh3 Qg8 19. Ng5+ Ke8 20. Nxh7 Nf6
21. Bxg6+ Kd7 22. Nb3 Bf7 23. Nc5+ Kc8 24. Bf5+ e6 25. Qxf6 exf5 26. Qxf5+ Kb8 27. Nd7+ Ka7 28. Nhf6 Qg6 29. Qf4 Rxh1 30. Rxh1 Nb4
31. e4 dxe4 32. Qxc7 Qg5+ 33. f4 Qb5 34. a3 Nd5 35. Qc5+ Qxc5 36. dxc5 Nxf4 37. Nxe4 Bd5 38. Nd6 Bxh1 39. Nb6 Rg8 40. Ndc8+ Kb8
41. Nd6 Rxg4 42. Nd7+ Kc7 43. Ne5 Rg1+ 44. Kd2 Ne6 45. b4 Bc6 46. Nxc6 Kxc6
0-1

[Event "POTENTIALLY IMMORTAL GAMES 3"]
[Site "SchemingMind.com"]
[Date "2020.05.03"]
[Round "-"]
[White "ray winteringham"]
[Black "grabapawn"]
[Result "0-1"]
[WhiteCountry "ENG"]
[BlackCountry "USA"]
[WhiteElo "1485"]
[WhiteRD "47"]
[BlackElo "1516"]
[BlackRD "57"]
[GameID "454560"]

1. e4 d6 2. d4 Nf6 3. Bd3 Nbd7 4. Bf4 e5 5. dxe5 dxe5 6. Bg3 Be7 7. Ne2 Nh5 8. a3 c6 9. Nbc3 Qc7 10. h3 Nf4
11. Bxf4 exf4 12. f3 Nf6 13. Qd2 Nh5 14. O-O-O b5 15. Kb1 a5 16. Nd4 b4 17. Na2 bxa3 18. b3 Qe5 19. c3 c5 20. Nb5 Bb7
21. Qc1 c4 22. Bxc4 O-O 23. Rd5 Bxd5 24. Bxd5 Rab8 25. Nd4 Nf6 26. Nc6 Rb6 27. Nxe5 Nxd5 28. exd5 Rxb3+ 29. Ka1 Rfb8 30. Qxf4 Bf6
31. Qd4 Rb2 32. f4 Rxg2 33. Rb1 Rbb2 34. Qc4 g6 35. Nd3 Rxa2+ 36. Qxa2 Bxc3+ 37. Nb2 axb2+ 38. Rxb2 Rg1+ 39. Qb1 Rxb1+ 40. Kxb1 Bxb2
41. Kxb2 Kf8 42. Kb3 Ke7 43. Ka4 Kd6 44. Kxa5 Kxd5 45. Kb4 Ke4 46. Kc3 Kxf4
0-1

[Event "POTENTIALLY IMMORTAL GAMES 3"]
[Site "SchemingMind.com"]
[Date "2020.05.03"]
[Round "-"]
[White "Carl Lenox"]
[Black "ray winteringham"]
[Result "0-1"]
[WhiteCountry "CAN"]
[BlackCountry "ENG"]
[WhiteElo "1254"]
[WhiteRD "61"]
[BlackElo "1485"]
[BlackRD "47"]
[GameID "454561"]

1. e4 c5 2. Nf3 Nc6 3. Nc3 e6 4. d4 g6 5. d5 Nce7 6. Ne2 Bg7 7. g3 d6 8. c4 Nf6 9. e5 dxe5 10. Nxe5 Nd7
11. f4 Bxe5 12. fxe5 Nxe5 13. Bg2 Rb8 14. b3 b6 15. Bb2 Qc7 16. Qd2 Qd6 17. Qf4 Nd3+
0-1

[Event "POTENTIALLY IMMORTAL GAMES 3"]
[Site "SchemingMind.com"]
[Date "2020.05.03"]
[Round "-"]
[White "Black Knight"]
[Black "ray winteringham"]
[Result "0-1"]
[WhiteCountry "USA"]
[BlackCountry "ENG"]
[WhiteElo "1349"]
[WhiteRD "53"]
[BlackElo "1485"]
[BlackRD "47"]
[GameID "454563"]

1. e4 Nc6 2. f4 e5 3. fxe5 Nxe5 4. d4 Ng6 5. Nc3 Be7 6. Nf3 Bb4 7. Bd2 d6 8. a3 Bxc3 9. Bxc3 f6 10. Bc4 Bg4
11. Qd2 Qd7 12. O-O-O N8e7 13. h3 Bxf3 14. gxf3 a6 15. Ba2 O-O-O 16. h4 h5 17. f4 Kb8 18. f5 Nf8 19. Rhg1 Nc6 20. Kb1 Qe7
21. Rde1 Na7 22. Bc4 b5 23. Bd3 c5 24. dxc5 dxc5 25. Bf1 Rxd2 26. Bxd2 Nd7 27. Rd1 Nb6 28. Ba5 Nc4 29. Bxc4 bxc4 30. c3 Qxe4+
31. Ka2 Qxf5 32. Rxg7 Rc8 33. Rdd7 Nc6 34. Rb7+ Ka8 35. Rb6 Nxa5 36. b4 Qc2+
0-1

[Event "POTENTIALLY IMMORTAL GAMES 3"]
[Site "SchemingMind.com"]
[Date "2020.05.03"]
[Round "-"]
[White "ray winteringham"]
[Black "Black Knight"]
[Result "1-0"]
[WhiteCountry "ENG"]
[BlackCountry "USA"]
[WhiteElo "1485"]
[WhiteRD "47"]
[BlackElo "1349"]
[BlackRD "53"]
[GameID "454564"]

1. e4 e5 2. Bc4 Nf6 3. d3 d5 4. exd5 Nxd5 5. Qf3 c6 6. h3 Be6 7. Bd2 Bb4 8. Nc3 Bxc3 9. Bxc3 Nd7 10. Qe2 b5
11. Bxd5 cxd5 12. Nf3 O-O 13. Bxe5 Nxe5 14. Qxe5 Re8 15. O-O Bg4 16. Qg3 Bxf3 17. Qxf3 Rc8 18. c3 a5 19. d4 Re4 20. Qd3 Qd7
21. Rae1 Rce8 22. Rxe4 Rxe4 23. f3 Re7 24. Kf2 g6 25. Re1 Rxe1 26. Kxe1 Qe7+ 27. Kf2 b4 28. c4 dxc4 29. Qxc4 Kf8 30. Qc8+ Qe8
31. Qc5+ Qe7 32. Qxa5 Qd6 33. Qc5 Qxc5 34. dxc5 Ke8 35. Ke3 Kd7 36. Kd4 Kc6 37. a4 bxa3 38. bxa3 f5 39. a4 h6 40. a5 h5
41. a6 g5 42. a7 Kb7 43. a8=Q+ Kxa8 44. Kd5 Kb8 45. Ke5 f4 46. Kf5 Kc7 47. Kxg5 Kc6 48. Kxh5 Kxc5 49. Kg5 Kd5 50. Kxf4 Ke6
51. Kg5 Kf7 52. g4 Kg7 53. h4 Kg8 54. Kg6 Kh8 55. h5 Kg8 56. h6 Kh8 57. f4 Kg8 58. Kh5 Kh7 59. g5 Kh8 60. g6 Kg8
61. f5 Kh8 62. f6 Kg8 63. h7+ Kh8 64. f7 Kg7 65. h8=Q+ Kxh8 66. f8=Q#
1-0

[Event "POTENTIALLY IMMORTAL GAMES 3"]
[Site "SchemingMind.com"]
[Date "2020.05.10"]
[Round "-"]
[White "Steven DuCharme"]
[Black "Mihir Chandrashekhar"]
[Result "0-1"]
[WhiteCountry "USA"]
[BlackCountry "IND"]
[WhiteElo "1568"]
[WhiteRD "59"]
[BlackElo "1717"]
[BlackRD "66"]
[GameID "454921"]

1. c4 e5 2. g3 Nf6 3. Bg2 c6 4. d3 d5 5. cxd5 cxd5 6. a3 Nc6 7. Nf3 Bd6 8. O-O O-O 9. b3 Bg4 10. h3 Bxf3
11. Bxf3 Qd7 12. Bg2 Rac8 13. Bb2 Rfe8 14. Nd2 Nd4 15. Bxd4 exd4 16. b4 Rc3 17. Qb1 Rxe2 18. Rd1 Qf5
0-1

[Event "POTENTIALLY IMMORTAL GAMES 3"]
[Site "SchemingMind.com"]
[Date "2020.05.10"]
[Round "-"]
[White "Mihir Chandrashekhar"]
[Black "Steven DuCharme"]
[Result "1-0"]
[WhiteCountry "IND"]
[BlackCountry "USA"]
[WhiteElo "1717"]
[WhiteRD "66"]
[BlackElo "1568"]
[BlackRD "59"]
[GameID "454922"]

1. e4 b6 2. Nc3 Bb7 3. g3 e5 4. Bg2 Nf6 5. Nf3 d6 6. O-O Be7 7. d4 exd4 8. Nxd4 O-O 9. Nf5 Nbd7 10. Bg5 h6
11. Be3 a6 12. Qd2 Re8 13. Rad1 Bf8 14. Rfe1 Bxe4 15. Nxe4 Nxe4 16. Bxe4
1-0

[Event "POTENTIALLY IMMORTAL GAMES 3"]
[Site "SchemingMind.com"]
[Date "2020.05.11"]
[Round "-"]
[White "grabapawn"]
[Black "Mihir Chandrashekhar"]
[Result "0-1"]
[WhiteCountry "USA"]
[BlackCountry "IND"]
[WhiteElo "1530"]
[WhiteRD "65"]
[BlackElo "1717"]
[BlackRD "66"]
[GameID "454923"]

1. d4 c5 2. Nf3 cxd4 3. Nxd4 e5 4. Nb3 Nf6 5. Bg5 Nc6 6. c3 Be7 7. N1d2 d5 8. e3 h6 9. Bh4 Bf5 10. f3 a5
11. g4 Bh7 12. f4 a4 13. Nc1 exf4 14. exf4 Ne4 15. Bxe7 Qxe7 16. Nxe4 Bxe4 17. Rg1 Bf3+ 18. Be2 O-O-O 19. Kf2 Bxe2 20. Nxe2 Rhe8
21. Rg3 Qc5+ 22. Nd4 Re4 23. Kg2 Rde8 24. Qxa4 Nxd4 25. cxd4 Re2+ 26. Kh3 Qb6 27. Rc1+ Kb8 28. Rgc3 R8e3+ 29. Rxe3 Rxe3+ 30. Kh4 Qf6+
31. g5 Qxf4+ 32. Kh5 Qxg5#
0-1

[Event "POTENTIALLY IMMORTAL GAMES 3"]
[Site "SchemingMind.com"]
[Date "2020.05.11"]
[Round "-"]
[White "Mihir Chandrashekhar"]
[Black "grabapawn"]
[Result "1-0"]
[WhiteCountry "IND"]
[BlackCountry "USA"]
[WhiteElo "1717"]
[WhiteRD "66"]
[BlackElo "1530"]
[BlackRD "65"]
[GameID "454924"]

1. e4 d6 2. d4 Nf6 3. Nc3 Nbd7 4. Nf3 e5 5. Bg5 Be7 6. Bc4 c6 7. dxe5 dxe5 8. Qd2 Qc7 9. O-O Nf8 10. h3 h6
11. Bxf6 gxf6 12. Rad1 Ng6 13. Ne2 f5 14. exf5 Nh4 15. Nxh4 Bxh4 16. f4 Bxf5 17. fxe5 Qxe5 18. Bxf7+ Kxf7 19. Qd7+ Be7 20. Rxf5+
1-0

[Event "POTENTIALLY IMMORTAL GAMES 3"]
[Site "SchemingMind.com"]
[Date "2020.05.10"]
[Round "-"]
[White "Carl Lenox"]
[Black "Mihir Chandrashekhar"]
[Result "0-1"]
[WhiteCountry "CAN"]
[BlackCountry "IND"]
[WhiteElo "1256"]
[WhiteRD "70"]
[BlackElo "1717"]
[BlackRD "66"]
[GameID "454925"]

1. e4 e5 2. Nf3 Nc6 3. Bb5 a6 4. Ba4 Nf6 5. d3 b5 6. Bb3 Bc5 7. O-O O-O 8. c3 d5 9. Ng5 h6 10. Nf3 dxe4
11. dxe4 Bg4 12. Bc2 Qe7 13. Re1 Rad8 14. Nbd2 b4 15. h3 Bh5 16. c4 Nd4 17. b3 Nxf3+ 18. Nxf3 Rxd1
0-1

[Event "POTENTIALLY IMMORTAL GAMES 3"]
[Site "SchemingMind.com"]
[Date "2020.05.10"]
[Round "-"]
[White "Mihir Chandrashekhar"]
[Black "Carl Lenox"]
[Result "1-0"]
[WhiteCountry "IND"]
[BlackCountry "CAN"]
[WhiteElo "1733"]
[WhiteRD "65"]
[BlackElo "1281"]
[BlackRD "69"]
[GameID "454926"]

1. d4 g6 2. c4 Bg7 3. Nf3 Nf6 4. Nc3 d6 5. g3 O-O 6. Bg2 Nbd7 7. O-O e5 8. e4 Ng4 9. h3 Ngf6 10. Be3 b6
11. Qd2 Bb7 12. d5 c6 13. dxc6 Bxc6 14. Nh2 Re8 15. Nd5 a6 16. g4 b5 17. Rac1 Nc5 18. Bg5 a5 19. f4 Ne6 20. Bxf6 Bxf6
21. g5 Bg7 22. Ng4 b4 23. Ndf6+ Kh8 24. f5 Nc5 25. Rcd1 Re7 26. Nxh7 Kxh7 27. Qe1 Na4 28. Qh4+
1-0

[Event "POTENTIALLY IMMORTAL GAMES 3"]
[Site "SchemingMind.com"]
[Date "2020.05.10"]
[Round "-"]
[White "Black Knight"]
[Black "Mihir Chandrashekhar"]
[Result "1/2-1/2"]
[WhiteCountry "USA"]
[BlackCountry "IND"]
[WhiteElo "1312"]
[WhiteRD "50"]
[BlackElo "1776"]
[BlackRD "78"]
[GameID "454927"]

1. e4 e5 2. Nf3 Nc6 3. Bc4 Nf6 4. Nc3 Bc5 5. Nxe5 Nxe5 6. d4 Nxc4 7. dxc5 Qe7 8. Bg5 Nxb2 9. Qe2 Qxc5 10. Nd5 Qa5+
11. Bd2 Qc5 12. Be3 Qa5+ 13. Bd2 Qc5=
1/2-1/2

[Event "POTENTIALLY IMMORTAL GAMES 3"]
[Site "SchemingMind.com"]
[Date "2020.05.10"]
[Round "-"]
[White "Mihir Chandrashekhar"]
[Black "Black Knight"]
[Result "1-0"]
[WhiteCountry "IND"]
[BlackCountry "USA"]
[WhiteElo "1717"]
[WhiteRD "66"]
[BlackElo "1301"]
[BlackRD "53"]
[GameID "454928"]

1. Nf3 d5 2. d4 Nc6 3. c4 e6 4. cxd5 exd5 5. Nc3 Bb4 6. e3 Bg4 7. Bd3 Nf6 8. O-O Bxc3 9. bxc3 O-O 10. h3 Bxf3
11. Qxf3 a6 12. c4 b5 13. cxb5 Nb4 14. Bb1 axb5 15. a4 Rxa4 16. Rxa4 Nc6 17. Ra6 Nb4 18. Rxf6 Qxf6 19. Qh5 g6 20. Qh6 Qg7
21. Qxg7+ Kxg7 22. Ba3 c5 23. dxc5 Nc6 24. Rd1 Rd8 25. Bb2+ f6 26. Ba2 Nb4 27. Bb3 Nc6 28. Rxd5 Re8 29. Rd7+ Kh6 30. Bd5 Nb8
31. Rd6 Re5 32. Bxe5
1-0

[Event "POTENTIALLY IMMORTAL GAMES 3"]
[Site "SchemingMind.com"]
[Date "2020.05.10"]
[Round "-"]
[White "ray winteringham"]
[Black "Mihir Chandrashekhar"]
[Result "0-1"]
[WhiteCountry "ENG"]
[BlackCountry "IND"]
[WhiteElo "1520"]
[WhiteRD "50"]
[BlackElo "1717"]
[BlackRD "66"]
[GameID "454929"]

1. e4 e5 2. Nf3 Nc6 3. Bb5 a6 4. Bxc6 dxc6 5. O-O Qd6 6. d3 Bg4 7. h3 Bh5 8. g4 Bg6 9. Be3 h5 10. g5 f6
11. h4 f5 12. exf5 Bxf5 13. Nh2 g6 14. Nd2 O-O-O 15. f4 Bg7 16. Nc4 Qe7 17. Qe2 exf4 18. Rxf4 Be5 19. Nxe5 Qxe5 20. Rb1 Re8
21. Nf1 Ne7 22. Qf2 Nd5 23. d4 Nxf4 24. Bxf4 Qe2 25. Be5 Qxf2+ 26. Kxf2 Rhf8 27. Kg2 Bxc2 28. Rc1 Be4+ 29. Kg3 Rf3+ 30. Kh2 Rf2+
31. Kg3 Rf3+ 32. Kh2 Rf2+ 33. Kg1 Rg2+ 34. Kh1 Rxb2+ 35. Kg1 Rg2+ 36. Kh1 Rxa2+ 37. Kg1 Rg2+ 38. Kh1 Rc2+ 39. Kg1 Rxc1
0-1

[Event "POTENTIALLY IMMORTAL GAMES 3"]
[Site "SchemingMind.com"]
[Date "2020.05.10"]
[Round "-"]
[White "Mihir Chandrashekhar"]
[Black "ray winteringham"]
[Result "1-0"]
[WhiteCountry "IND"]
[BlackCountry "ENG"]
[WhiteElo "1717"]
[WhiteRD "66"]
[BlackElo "1520"]
[BlackRD "50"]
[GameID "454930"]

1. d4 d5 2. c4 e6 3. Nc3 Ne7 4. Nf3 h6 5. Bf4 dxc4 6. e3 Nbc6 7. Bxc4 g5 8. Bg3 Bg7 9. h4 g4 10. Ne5 Nxe5
11. Bxe5 Bxe5 12. dxe5 h5 13. g3 Bd7 14. Qb3 Bc6 15. Rd1 Nd5 16. e4 O-O 17. O-O Qe7 18. exd5 exd5 19. Bxd5 Bxd5 20. Nxd5 Qxe5
21. Rfe1 Qg7 22. Ne7+ Kh8 23. Rd5 Qf6 24. Rxh5+ Kg7 25. Ree5 Rad8 26. Reg5+
1-0